Prasuti tantra: (Record no. 165238)

MARC details
000 -LEADER
fixed length control field 00607nam a22001817a 4500
005 - DATE AND TIME OF LATEST TRANSACTION
control field 20190612125801.0
010 ## - LCCN (DPL NO)
LC control number ENG-125536
020 ## - INTERNATIONAL STANDARD BOOK NUMBER
Terms of availability 300.00
035 ## - SYSTEM CONTROL NUMBER
System control number EN-109068
037 ## - SOURCE OF ACQUISITION
Source of stock number/acquisition DBAD/PUB
082 ## - DEWEY DECIMAL CLASSIFICATION NUMBER
Classification number 615.538
100 ## - MAIN ENTRY--PERSONAL NAME
Personal name kulkarni, P.H
245 ## - TITLE STATEMENT
Title Prasuti tantra:
Statement of responsibility, etc by P.H. kulkarni
Remainder of title the obstetrics in ayurveda /
260 ## - PUBLICATION, DISTRIBUTION, ETC. (IMPRINT)
Place of publication, distribution, etc pune
Name of publisher, distributor, etc Deerghayu International
270 ## - ADDRESS
Address 36, Kothrud Gaothan, Nera Mhatoba Mandir, Bodhi Vruksha, Navgraha Hanuman Mandir,
City Pune,
Postal code 411038
Electronic mail address deerghayuinternational@gmail.com
300 ## - PHYSICAL DESCRIPTION
Extent 172p.
Dimensions 21cm(pbk)
942 ## - ADDED ENTRY ELEMENTS (KOHA)
Source of classification or shelving scheme Dewey Decimal Classification
Item type English Books
Classification part 615.538
Call number suffix KUL
Holdings
Withdrawn status Lost status Not for loan Collection code Home library Current library Date acquired Source of acquisition Cost, normal purchase price Full call number Barcode Copy number Cost, replacement price Koha item type
      Non-fiction Ashok Vihar Ashok Vihar 12/06/2019 DBAD/PUB 300.00 615.538 KUL EN-109068 1 300.00 English Books

© Delhi Public Library
Hit Counter
free hit counter